| 000 | 00893nam a2200277Ia 4500 | ||
|---|---|---|---|
| 001 | 22057 | ||
| 005 | 20260320113338.0 | ||
| 008 | 260320s9999||||xx |||||||||||||| ||und|| | ||
| 022 | _a19963076 | ||
| 041 | _aESP | ||
| 082 |
_aHR 348 NOV 2025 _bSL |
||
| 100 |
_a _e |
||
| 110 | _aGaceta Jurídica | ||
| 245 | 0 |
_aSoluciones laborales : _bsistema integral de información para abogados, jefes de recursos humanos, administradores y gerentes |
|
| 246 |
_a _5 _b |
||
| 260 |
_aLima : _bGaceta Jurídica, _c2025 |
||
| 300 |
_a288 páginas : _bcuadros ; _c25 cm. _e |
||
| 440 |
_a _n _v |
||
| 505 | _aN° 215 (2025) | ||
| 650 | _aCIS | ||
| 653 | _aDerecho - Revista | ||
| 654 | _aDER | ||
| 700 |
_a _c |
||
| 856 |
_uhttps://0u20woxha-y-https-www-gacetajuridica-com-pe.itmsp.museknowledge.com/productos/soluciones-laborales/revistas-digitales _zVersión digital |
||
| 942 |
_cREV _dJUS _fMAT _2ddc _n |
||
| 999 |
_c22057 _d22057 |
||